| 000 | 01208nam a2200253 u 4500 | ||
|---|---|---|---|
| 001 | 000023473 | ||
| 005 | 20200930022237.0 | ||
| 008 | 101209s1987 pr r 000 0 spa d | ||
| 020 | _a0865814252 | ||
| 040 |
_aDO-SdBNP _bspa _cBNPHU |
||
| 082 |
_aPR863.44 _bS227m |
||
| 100 | 1 |
_aSanjurjo, Carmela Eulate _948367 |
|
| 245 | 1 | 3 |
_aLa muñeca / _cCarmela Eulate Sanjurjo; estudio introducción, crítico y notas por Angel M. Aguirre. |
| 260 |
_aSan Juan : _bInstituto de Cultura Puertorrigueña ; Río Piedras, Universidad de Puerto Rico, _c1987. |
||
| 300 |
_a143 p. ; _c21 cm. |
||
| 490 | 1 |
_aPuertorriqueña _v1 |
|
| 500 | _aIncluye notas al pie de páginas | ||
| 505 | 0 |
_gPrefacio / _rJuan Martínez Capó y Marta Aponte Alsina _gLa muñeca _gApendices . Prefacio / _rManuel Zeno Gardía a la edición de 1895 de la muñeca _gEsquema biográfico / _rCarmela Eulate Sanjurjo(Dorida Mesenia) primera mujer humanista de Puerto Rico _rLoreina Santos Silva _gBibliografía de Carmela Sanjurjo / _rLoreina Santos Silva |
|
| 650 | 4 |
_aNovela puertorriqueña _91185 |
|
| 650 | 4 |
_aLiteratura puertorriqueña _9250 |
|
| 710 | 1 |
_aAguirre, Angel M. _eintrod. _948368 |
|
| 830 | 0 |
_aPuertorriqueña ; _v1 _98071 |
|
| 049 | _aBNGR | ||
| 999 |
_c22969 _d22969 |
||